[Event "EU-Cup 18th"]
[Site "Kallithea"]
[Date "2002.09.27"]
[Round "6.3"]
[White "Pigusov, Evgeny"]
[Black "Horvath, Adam"]
[Result "0-1"]
[WhiteElo "2622"]
[BlackElo "2476"]
[Annotator "Ribli,Z"]
[PlyCount "72"]
[EventDate "2002.09.22"]
[EventType "team-swiss"]
[EventRounds "7"]
[EventCountry "GRE"]
[SourceTitle "CBM 092"]
[Source "ChessBase"]
[SourceDate "2003.02.06"]
[SourceVersion "1"]
[SourceVersionDate "2003.02.06"]
[SourceQuality "1"]
[WhiteTeam "Tomsk 400"]
[BlackTeam "Zalaegerszeg"]
[WhiteTeamCountry "RUS"]
[BlackTeamCountry "HUN"]

1. Nf3 c5 2. c4 Nc6 3. Nc3 e5 {Der junge ungarische Grossmeister spielt diese
Variante gerne.} 4. g3 g6 5. Bg2 Bg7 6. a3 a5 7. d3 Nge7 8. Nd2 {[%cal Gd2f1,
Gf1e3,Ge3d5] Ein typisches Springermanoever - Weiss nutzt aus, dass die
Rochade noch nicht gespielt ist, um den Springer durch f1-e3 schnellstmöglich
nach d5 zu überführen.} d6 9. Rb1 Be6 (9... Rb8 10. Nf1 O-O 11. Ne3 Nd4 12. b4
axb4 13. axb4 cxb4 14. Rxb4 Qa5 15. Ned5 Nxd5 16. Nxd5 Bg4 17. f3 Be6 18. Bd2
Bxd5 19. e3 Bxf3 20. Bxf3 Nxf3+ 21. Qxf3 Qa2 22. Qd1 b5 {0-1 Bairachny,
R-Kotsur,P/Tula 2001/EXT 2002 (44)}) 10. Nf1 (10. O-O d5 $2 (10... O-O) 11.
cxd5 Nxd5 12. Nde4 b6 13. Qa4 $16 {[%cal Ge4g5,Gg5e6]}) 10... O-O 11. Ne3 {
[%csl Yd5][%cal Ge3d5,Gc3d5]} Qd7 12. h4 h5 13. Ned5 {[%csl Gd5] Der Nachteil
der von Schwarz gewählten Variante ist, daß Weiss eine unvertreibbare starke
Springerstellung auf d5 einnimmt.} Rab8 14. Qa4 $14 b5 $6 {Schwarz verliert
die Geduld und opfert einen Bauern. Es ist schwer zu sagen, ob Schwarz
genuegendes Gegenspiel hat oder nicht. Aber ich glaube, dass dieses Opfer in
einer praktischen Partie spielbar ist, wenn auch objektiv kaum korrekt.} 15.
Nxe7+ Nxe7 16. Nxb5 $1 (16. cxb5 d5 $44 {[%csl Gc5,Gd5,Ge5] Wegen seiner
starke Bauernzentrum Schwarz hat ausreichende Kompensation fuer den Bauern.})
16... d5 17. b3 {[%csl Ra4] Weiss hat einen Bauern mehr und alles ist gedeckt
in seiner Stellung. Aber es fällt auf, dass die a4Q ziemlich schlecht steht.}
e4 {[%csl Gg7][%cal Gg7a1] Schwarz hat einige Aktivitaet fuer den Bauern
bekommen. Der gewoehnlich passive g7B hat jetzt eine offene Diagonale.} 18. O-O
$1 (18. Bb2 $143 exd3 19. exd3 Bf5 20. Bxg7 Bxd3) 18... exd3 19. exd3 dxc4 20.
dxc4 Bf5 21. Bf4 $1 (21. Be3 Bxb1 22. Rxb1 $13) 21... Bxb1 22. Rxb1 $44 {
Mit diesem Zug opfert Weiss die Qualitaet - er hat aufgrund seines Läuferpaars
jedoch fuehlbare Kompensation.} (22. Bxb8 $5 Bd3 (22... Rxb8 23. Rxb1 Qd2 24.
b4 $16) 23. Rd1 Rxb8 24. Bf1 Nc6 25. Rxd3 Qe7 $14 (25... Nd4 26. Qxa5 $16))
22... Rbd8 23. Bc7 (23. Bd6 $5) (23. Qxa5 $5) 23... Qf5 24. Rf1 (24. Re1 $2 Rd2
$1 (24... Rd7 25. Bd6 $16) 25. Bf4 Rb2 $1 26. Rxe7 Qc2 27. Be3 Bd4 28. Nxd4
cxd4 29. Bxd4 Qd1+ 30. Kh2 Qxd4 $17) 24... Rd3 $1 {[%csl Gd3][%cal Gd3a3,Gd3g3]
} 25. Bd6 {[%csl Ra5,Rc5][%cal Gd6f8] Der d6B steht sehr aktiv - die schwarzen
Bauern a5 und c5 sind sehr schwach und nicht zu verteidigen.} (25. Qxa5 Rxb3) (
25. Bxa5) 25... Bf6 26. Qxa5 Rxb3 27. Qc7 Qc8 (27... Rc8 $5) 28. Qa7 $5 (28.
Qxc5 Qxc5 29. Bxc5 Rc8 30. Bb4 Rxc4 31. Bxe7 Bxe7 32. Bd5 Rxb5 33. Bxc4 Ra5 $11
) 28... Re8 29. Bxc5 $16 {Weiss hat schon zwei Bauern und starke Initiative
fuer die Qualitaet.} Nf5 30. Bd5 {[%csl Ga7,Gb5,Gc5,Gd5][%mdl 2048]} Be7 31.
Bb6 $2 (31. Bxe7 Rxe7 32. Qb6 $16 {Haengt der g6P mit Schach, droht 33.Nd6.}) {
[#]} 31... Nxg3 $1 {[%csl Rg1][%mdl 64] Nach diesem unerwarteten Opfer bekommt
Schwarz einen äußerst gefaehrlichen Angriff am Koenigsfluegel.} 32. Bxf7+ (32.
fxg3 Rxg3+ 33. Bg2 Rxg2+ $1 34. Kxg2 Qg4+ 35. Kh2 Qxc4 (35... Qxh4+ $5) 36. Qd7
Rb8 $17) 32... Kf8 $1 (32... Kxf7 $4 33. Nd6+ $18) 33. fxg3 (33. Bxe8 Ne2+ $19)
33... Rxg3+ 34. Kf2 Qh3 $19 {[%csl Rf2] Ploetzlich befindet sich der weisse
Koenig im Mattnetz.} 35. Bd5 Qh2+ {Dieser Zug ist nicht schlecht, aber die
Alternative 35...Rf3+! setzt schneller Matt.} (35... Rf3+ $1 36. Bxf3 Qh2+ 37.
Ke3 (37. Ke1 Bb4+ 38. Kd1 Qd2#) (37. Bg2 Bxh4+ 38. Kf3 Qg3#) 37... Bc5+ 38. Kd3
Re3#) 36. Ke1+ Bf6+ 0-1

[Event "Kerteminde"]
[Site "Kerteminde"]
[Date "1991.??.??"]
[Round "9"]
[White "Hansen, Lars Bo"]
[Black "Jansa, Vlastimil"]
[Result "1-0"]
[WhiteElo "2525"]
[BlackElo "2495"]
[Annotator "Ribli,Z"]
[PlyCount "57"]
[EventDate "1991.02.??"]
[EventType "tourn"]
[EventRounds "9"]
[EventCountry "DEN"]
[EventCategory "10"]
[SourceTitle "CBM 023"]
[Source "ChessBase"]
[SourceDate "1991.08.01"]
[SourceVersion "1"]
[SourceVersionDate "1991.08.01"]
[SourceQuality "1"]

1. c4 g6 2. Nc3 c5 3. g3 Bg7 4. Bg2 Nc6 5. Nf3 e6 6. d4 $5 cxd4 7. Nb5 d5 8.
cxd5 Qa5+ 9. Qd2 Qxb5 10. dxc6 Qxc6 (10... Ne7 $5 11. cxb7 Bxb7 12. Nxd4 Qb6
13. Bxb7 Qxb7 14. Nf3 O-O 15. O-O Rfd8 $44) 11. O-O Qb6 (11... Qd6 $5 12. Rd1
e5 13. e3 Ne7 14. exd4 exd4 15. Nxd4 O-O 16. Nc6 Qf6 $10) 12. b3 Ne7 13. Ba3
Nc6 (13... Nd5 $2 14. Rac1 Nc3 15. e3 $1 dxe3 16. fxe3 Qa6 17. Bb2 Ne4 18. Qc2
Nf6 19. Ng5 e5 20. Qc5 Be6 21. Rxf6 $1 Bxf6 22. Bf1 Rc8 23. Bb5+ Rc6 24. Ne4
$18 {Miles-Kosten Palma de Mallorca GMA op 1989 48/56}) 14. Rac1 e5 15. e3 (15.
Ng5 $5) 15... Bg4 16. Ng5 $146 Qa6 17. Bc5 Rd8 18. Rfe1 d3 19. Ne4 f5 20. Nd6+
Rxd6 21. Bxd6 e4 22. h3 Be2 23. g4 Kf7 $2 24. Rxe2 $1 dxe2 25. Qd5+ Kf6 26.
Bxe4 $1 Rd8 27. Bxf5 Rxd6 28. Qxd6+ Kg5 29. Qf4+ 1-0

[Event "EU-Cup 13th final"]
[Site "Kazan"]
[Date "1997.12.29"]
[Round "2"]
[White "Gabdrakhmanov, Rafail"]
[Black "Gdanski, Jacek"]
[Result "0-1"]
[WhiteElo "2420"]
[BlackElo "2505"]
[Annotator "Ribli,Z"]
[PlyCount "104"]
[EventDate "1997.12.28"]
[EventType "team-k.o."]
[EventRounds "4"]
[EventCountry "RUS"]
[SourceTitle "EXT 2020"]
[Source "ChessBase"]
[SourceDate "2019.10.17"]
[SourceVersion "1"]
[SourceVersionDate "2019.10.17"]
[SourceQuality "1"]
[WhiteTeam "Kazan Sberbank-Tatarstan II"]
[BlackTeam "Warszawa Polonia"]
[WhiteTeamCountry "RUS"]
[BlackTeamCountry "POL"]

1. Nf3 c5 2. g3 Nc6 3. Bg2 g6 4. O-O (4. d4 cxd4 5. Nxd4 Bg7 6. Nxc6 (6. Nb3
$10) 6... bxc6 $10) 4... Bg7 5. d3 e5 6. c4 Nge7 7. Nc3 O-O {Schwarz hat eine
"ewige" Felderschw�che auf d5, aber sein Springer steht auf e7 fexibler als
der wei�e K�nigsspringer.} 8. a3 d6 9. Rb1 a5 {Nach diesem Zug entsteht
dem Schwarzen eine neue Felderschw�che auf b5, aber er mu� die Drohung 10.
b4 verhindern.} 10. Ne1 Be6 11. Nc2 d5 $10 {Mit diesem Zug kann Schwarz das
Spiel ausgleichen. Sonst kommt Weiss mit 11.Ne3 und starker Kontrolle �ber
das Feld d5, was ihm einen geringen Vorteil bietet.} 12. cxd5 Nxd5 {Jetzt hat
Schwarz Raumvorteil und eine starke Zentrumsstellung, aber seine wei�en
Felder sind schwach.} 13. Ne3 (13. Nxd5 Bxd5 14. Bxd5 Qxd5 15. b4 cxb4 16. axb4
a4 17. b5 Nd4 18. Ba3 (18. Nxd4 exd4 19. Ba3 Rfc8 20. Qd2 h5 21. Rfc1 Rc3 22.
Rxc3 dxc3 23. Qc2 Ra5 24. Rb4 Bf8 25. Rxa4 Rxa4 26. Qxa4 Qa2 {0-1 Langeweg,
K-Bobotsov,M/ Hoogovens 1968}) 18... Rfc8 19. Ne3 Qe6 20. f3 Qa2 21. Bb2 a3 22.
Bxd4 exd4 23. Nc4 Rxc4 24. dxc4 Qxc4 {0-1 Lewi,J-Barczay,L/Lublin 1969 (44)}) (
13. Ne4 b6 14. Ng5 Bc8 15. Ne3 Nde7 16. b4 axb4 17. axb4 cxb4 18. Bd2 Rb8 19.
Bxb4 Nxb4 20. Rxb4 h6 (20... Bd7 21. Ne4 Nc6 22. Rb1 Nd4 23. Nc3 Re8 24. Ned5
b5 25. Nb4 Rc8 26. Ncd5 Bf8 27. e3 Nc6 28. Nxc6 Bxc6 29. Qb3 Kg7 {Foisor,
C-Chelushkina,I/ Moscow ol 1994/1/2-1/2 (58)}) 21. Nf3 Be6 22. Qb1 Nc6 23. Rb5
Na7 24. Rb4 Nc6 25. Rb5 Na7 26. Rb4 b5 27. Rc1 Qd6 28. h4 f5 29. Nd2 e4 30. h5
g5 {0-1 Benko, P-Schmid,L/Monte Carlo 1969 (40)}) 13... Nde7 (13... Nxe3 14.
Bxe3 Nd4 15. Bxb7 Rb8 16. Bg2 c4 $5 17. dxc4 Bxc4 18. Re1 Bb3 19. Qd2 Qd6 20.
Ne4 Qb6 21. Bxd4 exd4 22. Rbc1 Bd5 23. Nf6+ Bxf6 24. Bxd5 Qxb2 {= Olafsson,
H-Cramling,P/ Reykjavik (zt_play off) 1995 (35)}) 14. Qa4 $2 {Dieser Zug ist
ein schwerer Fehler.} (14. Nc4 Rb8 15. Bg5 f6 16. Be3 b6 17. f4 Nd5 18. Bd2 f5
19. Kh1 Nxc3 20. Bxc3 Bxc4 21. dxc4 e4 {Kolev,A-Gdanski,J/Budapest-Z A 1993/
0-1 (66)}) (14. Ne4 b6 15. Ng5 Bd7 16. Nd5 Ra7 17. Nxe7+ Qxe7 18. Nf3 Rd8 19.
Qb3 a4 20. Qc2 Be6 21. Bg5 f6 22. Be3 Rc8 23. Rbc1 f5 {0-1 Schieferstein,
M-Epishin,V/Bad Zwesten op 1997 (31)}) (14. Bd2 Rb8 $10 (14... b6 $10)) 14...
Nd4 $17 15. Qd1 $8 {Gegen die schwarze Drohung 15...Bb3 gibt es keine andere
M�glichkeit.} (15. b3 b5 16. Nxb5 Bd7 17. Bxa8 Bxb5 $19) 15... Bb3 {Schwarz
entfaltet starken positionellen Druck. Wei� befindet sich in einer sehr
passiven Stellung.} 16. Qe1 Qc7 17. Bd2 Rad8 {Mit einfachen Z�gen verbessert
Schwarz seine Stellung.} 18. Nc4 b5 $5 (18... b6 19. e3 Ne6 $15 (19... Nc2 20.
Qe2 $13 {Und f�r den scheinbar aktiven Springer gibt es keinen Weg zur�ck.}
)) 19. Nxb5 (19. Ne3 a4 $17 {Wei� befindet sich praktisch im Zugzwang.})
19... Nxb5 20. Bxa5 Qb8 21. Bxd8 Rxd8 {Wei� hat Turm und zwei Bauern gegen
zwei Leichtfiguren. Das Problem ist, da� die schwarzen Figuren sehr aktiv
stehen und Schwarz das L�uferpaar hat.} 22. Rc1 Nd4 {Der schwarze
b3-L�ufer steht ausgezeichnet und auch der Springer macht sich gut auf d4.}
23. e3 $15 {Wei� m�chte den starken schwarzen Springer verjagen, aber es
kommt so zur Schw�chung seiner Bauernkette.} Ne6 24. Qe2 Qb5 25. Rfe1 h5 {
Schwarz hat gro�en positionellen Druck. Er mu� sich nicht beeilen, kann
zun�chst mit einfachen Z�gen seine Stellung verbessern.} 26. h4 Kh7 27. Bf1
f5 {Schwarz kommt allm�lich voran, weil Wei� praktisch kein Gegenspiel hat.
Der starke schwarze b3-L�ufer paralisiert seine Stellung.} 28. Bg2 (28. Nd2
$5 Bd5 (28... Ba4 $2 29. b3 (29. Rb1 Bc2 $17) 29... Bxb3 30. Rb1 $18) 29. Nc4)
28... Nc8 {Der schwarze Springer strebt nach b6 und m�chte die einzige
aktive wei�e Figur tauschen.} 29. Bf1 Nb6 30. Nxb6 Qxb6 31. Ra1 Qa5 32. Rec1
c4 $1 {Schwarz opfert einen Bauern f�r den Vorposten auf c5.} 33. Rxc4 $5 {
Wei� opfert eine Qualit�t, um endlich den L�ufer b3 loszuwerden.} (33.
dxc4 Rd2 34. Qe1 Nc5 $1 (34... e4 35. Rd1 Rxd1 (35... Bxd1 36. Rxd1 $16) 36.
Rxd1 Qa4) 35. Rc3 Rxb2 $17) 33... Bxc4 34. dxc4 {Wei� hat drei Bauern f�r
die Figur, aber die schwarzen Figuren dominieren das Brett.} Rd2 $17 35. Qe1 (
35. b4 Qd8 $17 (35... Rxe2 36. bxa5 Rd2)) 35... Qd8 36. b4 f4 $1 {Bis jetzt
spielte Schwarz haupts�chlich am Damenfl�gel, aber nach diesem Zug erlangt
er auch Aktivit�t am K�nigsfl�gel.} 37. Be2 (37. exf4 Nd4 38. Qxd2 Nf3+
$19) 37... fxg3 38. fxg3 e4 {W�hrend im Endspiel ungleichfarbige L�ufer in
der Regel g�nstig f�r den Verteidiger sind, ist es im Mittelspiel genau
umgekehrt.} 39. Rd1 Bc3 40. c5 (40. Rxd2 Bxd2 41. Qf2 Bc1 $19 42. Qf7+ $2 Ng7)
40... Qd5 41. Rxd2 Bxd2 42. Qf2 Bc1 {Leider sind die wei�en
Damenfl�gelbauern v�llig ungef�hrlich.} 43. g4 {Wei� m�chte
nat�rlich Bauern tauschen.} Ng7 {Dieser Verteidigungszug sichert die
schwarze K�nigsstellung. Die wei�e Bauernmasse am Damenfl�gel ist kaum
zu halten.} 44. Qf4 hxg4 45. Bxg4 Bxa3 46. h5 {In sehr schwieriger Stellung
opfert Wei� einen Bauern f�r eventuelle Gegenchancen.} (46. Bh3 $5 Bxb4 47.
Bg2 Bxc5 48. Bxe4 Qd1+ (48... Qd2 49. Bxg6+ Kxg6 (49... Kg8 50. Qc4+ $16 (50.
Qb8+ Bf8 $17) (50. Qf7+ Kh8 $17)) 50. Qg5+ Kh7 51. Qxc5 $10 {Springer und Dame
gewinnen nicht gegen die Dame.}) 49. Kf2 Qd2+ 50. Kf3 $5) 46... gxh5 {Jetzt
gibt es eventuell eine Remism�glichkeit f�r Wei�: der h-Bauer mit dem
schwarzfeldrigen L�ufer ist theoretisch remis, aber es gibt ja noch andere
Figuren auf dem Brett.} 47. Bh3 Bxb4 48. Bg2 Qxc5 49. Bxe4+ Kg8 50. Bd3 (50.
Kf2 $17) 50... Qc1+ $19 51. Kf2 (51. Bf1 Bd2 52. Qc4+ (52. Qb8+ Kh7 $19) 52...
Qxc4 53. Bxc4+ Kh7 $19) 51... Qd2+ 52. Be2 Qe1+ {und Wei� mu� aufgeben. Er
verliert Material. Ribli.} (52... Qe1+ 53. Kf3 (53. Kg2 Qxe2+ $19) 53... Qh1+
54. Kg3 (54. Kf2 Be1#) 54... Be1+ $19) 0-1

[Event "Goodricke op 12th"]
[Site "Kolkata"]
[Date "2001.02.14"]
[Round "9"]
[White "Markowski, Tomasz"]
[Black "Sriram, Jha"]
[Result "1-0"]
[WhiteElo "2595"]
[BlackElo "2412"]
[Annotator "Ribli,Z"]
[PlyCount "132"]
[EventDate "2001.02.06"]
[EventType "swiss"]
[EventRounds "11"]
[EventCountry "IND"]
[SourceTitle "CBM 082"]
[Source "ChessBase"]
[SourceDate "2001.05.17"]
[SourceVersion "1"]
[SourceVersionDate "2001.05.17"]
[SourceQuality "1"]

1. g3 c5 2. Bg2 Nc6 3. c4 g6 4. Nc3 Bg7 5. Nf3 e6 {Schwarz folgt dem Grundsatz
Philidors und entwickelt die Figuren hinter die Bauern.} 6. d4 {Dieser Zug
führt zu großen Komplikationen, verschafft Weiß aber keinen Eröffnungsvorteil.
Mit diesem vorübergehenden Opfer versucht Weiß, die Schwächung der schwarzen
Felder in der gegnerischen Stellung auszunutzen.} cxd4 (6... Nxd4 7. Nxd4 cxd4
8. Nb5 Qb6 9. Qa4 a6 10. e3 d3 11. O-O (11. Qa3 Bf8 12. b4 d5) 11... Ne7 12.
Rd1 axb5 $1 13. Qxa8 bxc4 14. Rb1 O-O 15. Bd2 d5 16. Rdc1 Qc7 $1 $17 17. Qa3
Qd7 $2 (17... Nc6) 18. b3 b5 19. Qc5 Nf5 20. a4 Ba6 21. Qb6 (21. axb5 Rc8 22.
Qb6 Qxb5 23. Qxb5 Bxb5 24. bxc4 Bxc4 $15) 21... bxa4 $3 22. Qxa6 axb3 $19 {
1/2-1/2 Markowski,T-Macieja,B/Warsaw 1998/EXT 99 (64)}) 7. Nb5 d5 8. cxd5 Qa5+
(8... exd5 $5 {Dieser einfache Zug führt m.E. zum Ausgleich - nach 9.Nbxd4
Nge7 10.0-0 0-0 11.Be3 Re8 12.Re1 Nf5 hat Schwarz keine Probleme.}) 9. Nd2 (9.
Qd2 Qxb5 10. dxc6 Qxc6 11. O-O Qb6 12. b3 Nf6 13. Ne5 Ne4 14. Bxe4 Bxe5 15. Ba3
Bd6 $13) 9... Qxb5 (9... exd5 10. Nd6+ Ke7 11. Nxc8+ Rxc8 12. O-O Nf6 13. b4
Nxb4 14. Nb3 $44) 10. dxc6 Ne7 (10... bxc6 11. Ne4 $44) 11. a4 (11. cxb7 Bxb7
$15) 11... Qb6 (11... Qb4 12. b3 Nxc6 13. Ba3 Qa5 14. O-O Bf8 15. Nc4 Qd8 16.
Bxf8 Kxf8 17. Qd2 Kg7 18. Rad1 $14 {1/2-1/2 McNab,C-Wojtkiewicz,A/London 1990/
EXT 97 (28)}) (11... Qa6 12. b4 Nd5 13. b5 Qa5 14. Ba3 bxc6 15. O-O cxb5 16.
axb5 d3 17. Bxd5 exd5 18. Bb2 Qxb5 19. Bxg7 Rg8 20. Bd4 {1-0 McNab,C-Ansell,S/
ENG-chT9697 1996/EXT 99 (20)}) 12. Nc4 (12. a5 Qc7 $15) 12... Qb4+ 13. Bd2 Qxc4
14. cxb7 {Nach schweren Komplikationen entsteht eine materiell ausgeglichene
Stellung.} Bxb7 (14... Rb8 15. Rc1 Qa6 16. bxc8=Q+ Rxc8 17. Rxc8+ Nxc8 (17...
Qxc8 18. O-O O-O 19. Qb3 Qa6 20. Qb5 Qxb5 21. axb5 Rb8 22. Ra1 Rxb5 23. Rxa7
Bf8 24. b4 Nd5 25. Ra5 Rb8 26. Bxd5 exd5 27. Ra4 $14 {1-0 Renet,O-Morris,P/
Cannes 1993/TD (47)}) 18. O-O O-O 19. b4 Qc4 20. Re1 Nb6 21. a5 Nd5 22. Bxd5
exd5 23. Qb1 Rb8 24. Qd3 Bf8 25. Rb1 a6 {1/2-1/2 Shuraev,A-Ivanov,A/
Vladivostok 1995/CBM 49 ext (72)}) 15. Bxb7 Rb8 16. b3 (16. Rc1 Qa2 17. Ba6 (
17. Ra1 Qc4 18. Rc1 Qa2 {1/2-1/2 Lopushnoy,D-Zakharov,V/Novosibirsk 1998/EXT
2000 (18)}) 17... Qxb2 (17... Qd5 $5) 18. Bb5+ Rxb5 19. axb5 Qxb5 20. Rb1 Qc6
21. O-O O-O 22. Bb4 Re8 23. Bxe7 Rxe7 24. Rb8+ Re8 25. Qc1 Qd7 26. Rxe8+ Qxe8
27. Qc7 Qb5 28. Qd8+ Bf8 29. Qxd4 Qxe2 30. Rc1 a5 31. Rc7 Qf3 32. Rd7 Qf5 {
1/2-1/2 Stryjecki,M-Kokarev,D/Oropesa del Mar 1999/CBM 72 ext (32)}) 16... Qc7
$6 {Dieser Zug ist unlogisch - später muss Schwarz (nach Rc1) wiederum ein
anderes Feld für seine Dame finden.} (16... Qc5 17. Rc1 $5 (17. Bg2 $2 Nd5 $15
18. Rc1 (18. Bxd5 $2 Qxd5 19. O-O Rxb3 $17) 18... Nc3 {0-1 Markowski,T-Bologan,
V/Koszalin 1999/CBM 73/[Ribli] (30)}) 17... Qb6 $6 (17... Qd6 $1 18. Bg2 Nd5
19. O-O O-O 20. Bxd5 Qxd5 21. b4 Rfc8 $11) 18. Be4 O-O 19. b4 Rfd8 20. O-O Nd5
21. Bxd5 Rxd5 22. b5 h5 23. Rc6 Qd8 24. Qc2 Be5 25. Rc1 $16 {1-0 Sulava,
N-Hauchard,A/Gonfreville 1999/CBM 70 ext (65)}) 17. Bg2 (17. Bf3 O-O 18. O-O h5
19. b4 Rfd8 20. Rc1 Qd7 21. Qb3 h4 22. Rfd1 Nd5 23. Bxd5 exd5 24. Rc2 Re8 25.
Bf4 Rbc8 26. b5 Rxc2 27. Qxc2 Rc8 28. Qa2 Qf5 29. a5 g5 30. Rc1 gxf4 {0-1
Fancsy,I-Horvath,T/Hungary 1996/EXT 2000 (35)}) 17... O-O 18. O-O Rfd8 19. Rc1
{Mit diesem Zug gewinnt Weiß ein wichtiges Tempo.} Qd6 (19... Qb6 20. b4 Nd5
21. Bxd5 Rxd5 22. b5 h5 23. Qc2 Be5 24. Qc6 Qd8 25. Rc5 Rxc5 26. Qxc5 Bc7 27.
Rc1 Bb6 28. Qe5 Rb7 29. Bh6 f6 30. Qe4 {1-0 Graf,J-Titscher,L/Odessa 1990/EXT
97 (30)}) 20. Ba5 $5 {Nun muss Schwarz mit dem Turm entweder die d-Linie oder
die Grundlinie verlassen.} (20. b4 Nd5 21. Bxd5 Qxd5 22. b5 Rdc8 $11) 20...
Rdc8 21. Qd3 h5 $6 (21... Nd5 $5 $11) 22. b4 Nd5 23. b5 $14 {[%mdl 32] Weiß
hat Raumvorteil am Damenflügel; 23...Nc3?? scheitert an 24.Bxc3.} Qe5 {Jetzt
möchte Schwarz 24...Nc3 spielen.} 24. Bxd5 {Weiß muss den starken Springer
entfernen.} Qxd5 25. Rc2 {Weiß verfolgt eine einfache Strategie - er will 26.
Rfc1 spielen und sich am Damenflügel einen ernfernten Freibauern machen.} Rxc2
(25... e5 26. Rfc1 Rxc2 27. Qxc2 $14) 26. Qxc2 {[%cal Gc2c8]} e5 27. Rc1 e4 {
Was wiegt schwerer? Die weiße Mehrheit am Damenflügel oder die schwarze im
Zentrum? Ein wichtiger Faktor ist, dass Weiss im Endspiel mit seinem König den
gegnerischen Freibauern blockieren kann.} 28. Qc7 Re8 $6 (28... Rb7 29. Qc6 Rd7
30. Rc5 Qe6 $14) 29. Qc6 $1 Qxc6 (29... Qe6 30. Qxe6 Rxe6 31. Rc7 $18 {[%csl
Ra7]}) 30. bxc6 $1 {Der weiße Freibauer ist sehr stark.} Rc8 31. c7 {[%cal
Rc1b1,Rb1b8]} Be5 (31... Kf8 32. Rc5 Ke8 33. Rd5 $16) 32. Rc5 f6 (32... Bd6 33.
Rd5 Bxc7 34. Rc5 $16) 33. Rd5 Bxc7 (33... Kf7 34. Rd8 Bxc7 (34... Rxc7 35. Bxc7
Bxc7 36. Rd7+ $18 {[%cal Rd7c7,Rd7f7]}) 35. Rd7+ $18) 34. Rc5 d3 (34... Bxa5 $5
35. Rxc8+ Kf7 $14) 35. exd3 exd3 36. Kf1 {Jetzt droht schon 37.Rxc7 oder37.
Bxc7. Auf 36...d2 kann Weiß einfach mit 37.Bxd2 antworten.} Rd8 (36... Bxa5 37.
Rxc8+ Kf7 38. Rc5 Bb6 (38... Bb4 39. Rc7+ $18) 39. Rd5 $18) 37. Rxc7 d2 38.
Bxd2 Rxd2 39. Rxa7 $16 {[%csl Ga7][%cal Ga7h7][%mdl 4096] Stünde der schwarze
Bauern auf f7 statt auf f6, wäre die Stellung theoretisch Remis. Aber in der
Partiestellung spielt Schwarz quasi ohne König, denn der König ist
abgeschnitten und muss auf der Grundlinie verharren.} g5 40. a5 Ra2 {Das Feld
a2 ist ideal für den Turm, denn von hier aus kontrolliert er den a-Bauern und
die weißen Bauern am Königsflügel.} 41. h3 $5 Kf8 (41... g4 42. h4 $16) 42. a6
Ke8 (42... Kg8 43. Ke1 Kh8 44. Kd1 Rxf2 45. Rb7 Ra2 46. a7 $18) 43. Ke1 Kd8 44.
Kf1 Ke8 (44... Kc8 45. Ra8+ Kc7 46. a7 Kb7 47. Rf8 $16) 45. Ke1 Kd8 46. Ra8+
Kc7 47. a7 {Jetzt droht 48.Rh8 oder 48.Rf8 mit Gewinn.} Kb7 48. Rf8 Kxa7 (48...
Rxa7 49. Rf7+ Kb8 50. Rxa7 Kxa7 51. Ke2 Kb6 52. Ke3 Kc5 53. Ke4 Kd6 54. Kf5 Ke7
55. Kg6 $18) 49. Rxf6 {[%csl Ra7] Weiß hat einen Bauern mehr - das ist nicht
immer ausreichend in Turmendspielen, aber hier befindet sich der schwarze
König ist weit ab vom Hauptkriegsschauplatz.} Ra5 50. Ke2 Kb7 51. Kf3 Kc7 52.
Ke4 {[%cal Rf6f5]} h4 53. g4 Kd7 54. Rf5 $18 {Nun gewinnt Weiß den Pg5,
anschließend wird auch der Ph4 noch schwach.} Ra3 55. Rxg5 (55. f3 $6 Ke6 56.
Rxg5 Ra4+) 55... Rxh3 56. Rh5 {[%csl Gh5]} Rh1 57. Kf5 h3 58. g5 (58. f4 $18)
58... Ke7 59. Kg4 h2 60. Kg3 {Auf diese Weise gewinnt Weiß den h-Bauern und
erhält eine klare Gewinnstellung.} Kf7 61. Rxh2 Rg1+ 62. Kf4 Ra1 63. Rh7+ Kg6
64. Rh6+ Kg7 65. Re6 Ra4+ 66. Re4 Ra2 1-0

[Event "Rimavska Sobota"]
[Site "Rimavska Sobota"]
[Date "1991.??.??"]
[Round "1"]
[White "Lputian, Smbat G"]
[Black "Plachetka, Jan"]
[Result "0-1"]
[WhiteElo "2565"]
[BlackElo "2425"]
[Annotator "Ribli,Z"]
[PlyCount "78"]
[EventDate "1991.05.??"]
[EventType "tourn"]
[EventRounds "13"]
[EventCountry "CSR"]
[EventCategory "9"]
[SourceTitle "CBM 024"]
[Source "ChessBase"]
[SourceDate "1991.10.01"]
[SourceVersion "1"]
[SourceVersionDate "1991.10.01"]
[SourceQuality "1"]

1. Nf3 c5 2. g3 g6 3. Bg2 Bg7 4. O-O Nc6 5. c4 e6 6. Nc3 Nge7 7. d3 O-O 8. Bd2
b6 9. a3 Bb7 10. Rb1 d5 11. cxd5 (11. b4 $5) (11. b3 $2 Qd7 12. Qc1 Rfd8 13.
Bh6 Bh8 14. e4 dxe4 15. dxe4 Qd3 16. Bd2 Ne5 $1 $17 {Habibi,A-Gheorghiu,F Genf
op 1991 EXP/21}) 11... Nxd5 (11... exd5 12. b4 c4 13. dxc4 (13. b5 $1 Na5 14.
Na4 Nb3 (14... Rc8 15. d4 Nb3 16. Bb4 Re8 17. e3 a6 18. bxa6 Bxa6 19. Nd2 Nc6
20. Nxb3 cxb3 21. Qxb3 Bc4 22. Qb2 Nxb4 23. axb4 Bxf1 24. Rxf1 Rc4 25. Nc3 $16
{Speelman-Chandler Hastings 1989/90 49/(60)}) 15. Bb4 Re8 16. Nd2 Nxd2 17. Qxd2
Qc7 18. d4 Nf5 19. e3 $14 {Ljubojevic,L-Gulko,B Linares 1989 CBM/11}) 13...
dxc4 14. Qc1 Nd4 15. Nxd4 Bxg2 16. Ne6 $1 $14 {Brunner,L-Georges,S Zug 1989
CBM/16}) 12. Nxd5 (12. Qa4 $5) 12... Qxd5 13. b4 cxb4 14. axb4 Nd4 15. b5 e5
16. Be3 Rfc8 17. Bxd4 exd4 18. Rb4 Rc5 19. Qa4 Qd7 20. h4 Qe7 21. Re1 a5 22.
bxa6 Rxa6 23. Qb3 Bd5 24. Qb1 Qb7 25. Bf1 Bxf3 26. exf3 Qxf3 27. Rxb6 Rxb6 28.
Re8+ Bf8 29. Qxb6 Kg7 30. Re4 Qd1 31. Rf4 Be7 32. Qb7 Rc1 33. Qg2 Qxd3 34. h5
f5 35. hxg6 hxg6 36. g4 Bd6 37. gxf5 Qxf1+ 38. Qxf1 Rxf1+ 39. Kxf1 Bxf4 0-1